Japanese domination of Thailand. (Record no. 90006)
[ view plain ]
| 000 -LEADER | |
|---|---|
| fixed length control field | 00997cam a22002771 4500 |
| 001 - CONTROL NUMBER | |
| control field | sd 49000321 |
| 003 - CONTROL NUMBER IDENTIFIER | |
| control field | DLC |
| 005 - DATE AND TIME OF LATEST TRANSACTION | |
| control field | 20260227112735.0 |
| 008 - FIXED-LENGTH DATA ELEMENTS--GENERAL INFORMATION | |
| fixed length control field | 760419s1944 dcu f000 0 eng c |
| 010 ## - LIBRARY OF CONGRESS CONTROL NUMBER | |
| LC control number | sd 49000321 |
| 035 ## - SYSTEM CONTROL NUMBER | |
| System control number | (OCoLC)2124458 |
| 040 ## - CATALOGING SOURCE | |
| Original cataloging agency | U.S. Dept. of State Library |
| Transcribing agency | CtW |
| Modifying agency | CtW |
| -- | DLC |
| 042 ## - AUTHENTICATION CODE | |
| Authentication code | premarc |
| 050 00 - LIBRARY OF CONGRESS CALL NUMBER | |
| Classification number | UB250 |
| Item number | .U33 no. 2368 |
| 082 ## - DEWEY DECIMAL CLASSIFICATION NUMBER | |
| Classification number | 940.53593 |
| 110 1# - MAIN ENTRY--CORPORATE NAME | |
| Corporate name or jurisdiction name as entry element | United States. |
| Subordinate unit | Office of Strategic Services. |
| -- | Research and Analysis Branch. |
| 245 10 - TITLE STATEMENT | |
| Title | Japanese domination of Thailand. |
| 260 ## - PUBLICATION, DISTRIBUTION, ETC. | |
| Place of publication, distribution, etc. | [Washington] |
| Date of publication, distribution, etc. | 1944. |
| 300 ## - PHYSICAL DESCRIPTION | |
| Extent | iv, 63 p. |
| Dimensions | 27 cm. |
| 490 1# - SERIES STATEMENT | |
| Series statement | Its R & A |
| Volume/sequential designation | no. 2368 |
| 500 ## - GENERAL NOTE | |
| General note | "Cultural relations treaty between Japan and Thailand, signed 28 October 1942": p. 60-63. |
| 650 #0 - SUBJECT ADDED ENTRY--TOPICAL TERM | |
| Topical term or geographic name entry element | World War, 1939-1945 |
| Geographic subdivision | Thailand. |
| 651 #0 - SUBJECT ADDED ENTRY--GEOGRAPHIC NAME | |
| Geographic name | Japan |
| General subdivision | Foreign relations |
| Geographic subdivision | Thailand. |
| 651 #0 - SUBJECT ADDED ENTRY--GEOGRAPHIC NAME | |
| Geographic name | Thailand |
| General subdivision | Foreign relations |
| Geographic subdivision | Japan. |
| 810 1# - SERIES ADDED ENTRY--CORPORATE NAME | |
| Corporate name or jurisdiction name as entry element | United States. |
| Subordinate unit | Department of State. |
| -- | Office of Intelligence Research. |
| Title of a work | R & A ; |
| Volume/sequential designation | no. 2368. |
No items available.